| 000 | 00616nam a22002177a 4500 | ||
|---|---|---|---|
| 003 | OSt | ||
| 005 | 20140310182319.0 | ||
| 008 | 130313t xxu||||| |||| 00| 0 eng d | ||
| 020 | _a0865923868 | ||
| 050 |
_aBJ 1533.C6 _b.G64 1989 |
||
| 082 |
_aGS 179.9 _bG58 1988 |
||
| 100 |
_aGoley, Elaine _921110 |
||
| 245 |
_aFaith / _cElaine Goley. |
||
| 260 |
_aVero Beach, FL : _bRourke Enterprises, _c1989. |
||
| 300 |
_a32 p. : _c26 cm. _bcol. ill. ; |
||
| 440 |
_aLearn the value of _921111 |
||
| 650 |
_aConfidence _xJuvenile literature. _921112 |
||
| 650 |
_a Faith. _91307 |
||
| 942 |
_2lcc _cBK-GS |
||
| 999 |
_c11791 _d11791 |
||